| 000 | 00500nam a2200205Ia 4500 | ||
|---|---|---|---|
| 003 | LK-CoDNM | ||
| 005 | 20240913100443.0 | ||
| 008 | 010623t1909 xxu||||| |||| 00| 1 eng d | ||
| 040 |
_aLK-CoDNM _dLK-CoDNM _eLK-CoDNM |
||
| 041 | _aeng | ||
| 080 |
_a14 _bA31 |
||
| 100 | _aMaisondeau, N. | ||
| 245 | _aSummer in Ceylon | ||
| 260 |
_bCeylon Observer _aColombo _c1909 |
||
| 300 | _b67p. : map . iil ; 18 cm | ||
| 650 | _aKandy Perahera | ||
| 650 | _aPalms | ||
| 650 | _aTravel | ||
| 942 | _cBK | ||
| 999 |
_c87072 _d87072 |
||